| 000 | 00361nam a2200133Ia 4500 | ||
|---|---|---|---|
| 008 | 190216s9999||||xx |||||||||||||| ||und|| | ||
| 100 | _a"Manicavachagom Pillay, Natarajan Nad Ganapathy" | ||
| 245 | 0 | _aAtext Book Of Analytical Geometry For B.Sc | |
| 250 | _a1st Ed. | ||
| 260 |
_bS Vishwanathan _c2000 |
||
| 300 | _a426 | ||
| 650 | _aMathe Matics | ||
| 942 | _cBK | ||
| 999 |
_c32508 _d32508 |
||